Difúzne zváranie kombinovaných materiálov = Diffusion welding of combined materials : Bakalárska práca

Uložené v:
Podrobná bibliografia
Hlavný autor: Uhrinová, Judita, 1987- (Autor)
Ďalší autori: Demianová, Kristína, 1983- (xxx)
Médium: Rukopis Kniha
Jazyk:Slovak
Vydavateľské údaje: Trnava : STU v Bratislave MTF UVTE, 2009
Predmet:
Tagy: Pridať tag
Žiadne tagy, Buďte prvý, kto otaguje tento záznam!

MARC

LEADER 00000ntm a22000003a 4500
001 stu198001
005 20160719160042.1
008 100114s2009----xo------------------slo-d
040 |a STU  |b slo 
041 0 |a slo 
044 |a xo 
100 1 |a Uhrinová, Judita,  |d 1987-  |4 aut  |X 37870  |7 A000037870 
245 1 |a Difúzne zváranie kombinovaných materiálov = Diffusion welding of combined materials :  |b Bakalárska práca 
260 |a Trnava :  |b STU v Bratislave MTF UVTE,  |c 2009 
300 |a 44 s 
500 |a Študijný odbor: 5.2.51 výrobné technológie 
500 |a Študijný program: výrobné technológie 
650 7 |a difúzne zváranie  |2 stusub 
650 7 |a kombinované materiály  |2 stusub 
650 7 |a zváracie zariadenia  |2 stusub 
700 1 |a Demianová, Kristína,  |d 1983-  |4 xxx  |u M2000  |U MTF Materiálovotechnologická fakulta  |T MTF Ústav výrobných systémov a aplikovanej mechaniky  |X 27945  |U M2000  |Y 82  |7 A000027945 
996 |b 284M077388  |c M*BP-4107  |l MMSKP  |s P  |a 0  |w stu198001_0001